| 000 | 00861cam a2200193 a 4500 | ||
|---|---|---|---|
| 020 | _a8120402707 (set) : | ||
| 082 | 0 | 0 |
_a624.18341 _bPRO _cL-19, P-87 |
| 245 | 1 | 0 |
_aProceedings of the International Symposium on Fibre Reinforced Concrete, Madras, India, December 16-19, 1987 / _corganised by Structural Engineering Research Centre, Madras (Council of Scientific & Industrial Research). |
| 260 |
_agow Delhi : _bOxford & IBH Pub. Co., _cc1987-1988. |
||
| 300 |
_a3 v. : _bill. ; _c25 cm. |
||
| 500 | _a"General editors: V.S. Parameswaran & T.S. Krishnamoorthy"--T.p. verso. | ||
| 526 |
_a0 _b0 _c0 _d624_183410000000000_PRO |
||
| 650 | 0 |
_aFiber-reinforced concrete _942697 |
|
| 650 | 0 |
_aMCE _9379 |
|
| 700 | 1 |
_aKrishnamoorthy, T. S. _947365 |
|
| 700 | 1 |
_aParameswaran, V. S. _947366 |
|
| 710 | 2 | _aStructural Engineering Research Centre, Madras. | |
| 942 |
_2ddc _cBK |
||
| 999 |
_c550636 _d550636 |
||